| 000 | 00696nam a22002055i 4500 | ||
|---|---|---|---|
| 001 | 164828 | ||
| 003 | ES-MaACL | ||
| 005 | 20230906213021.0 | ||
| 008 | 050809s1874 gw | |||||||| ||eng d | ||
| 040 |
_aCAM _bspa _cCAM |
||
| 100 | 1 |
_aSaunders, John. _9132499 |
|
| 245 | 1 | 0 |
_aIsrael mort, Overman _b: a story of the mine / _cby John Saunders. |
| 260 |
_aLeipzig : _bBernhard Tauchnitz, _c1874. |
||
| 300 |
_a2 v. (312; 288 p.) ; _c16 cm. |
||
| 490 | 1 |
_aCollection of british authors ; _v1439; 1440 |
|
| 752 |
_aAlemania - _dLeipzig |
||
| 830 | 0 |
_aCollection of british authors ; _v1439; 1440 _9180703 |
|
| 852 |
_aES-MaACL _jG-12006 _z-- Enc. hol. _z-- 2 t. en 1 v. |
||
| 999 |
_c164828 _d164828 |
||